000 00489nam a2200181Ia 4500
005 20250423095307.0
008 250422s9999 xx 000 0 und d
020 _a8180140423
050 _aTH 435 .S56/
100 _aSingh, Gurcharan
245 0 _aEstimating costing and valuation
260 _aNew Delhi
260 _bFor standard publishers distributors
260 _c2012
300 _a701 p
650 _a Building--Estimates. Engineering--Estimates.
942 _cBK
999 _c29835
_d29835